Источники и системы теплоснабжения промышленных предприятий: учебное пособие

Opis bibliograficzny
1. autor: Ляликов Б. А. Борис Анатольевич
Korporacja: Томский политехнический университет (ТПУ) Институт дистанционного образования (ИДО)
Język:rosyjski
Wydane: Томск, Изд-во ТПУ, 2008
Wydanie:2-е изд., стер.
Format: MixedMaterials Książka
KOHA link:https://koha.lib.tpu.ru/cgi-bin/koha/opac-detail.pl?biblionumber=139107

MARC

LEADER 00000nam1a2200000 4500
001 139107
005 20231031141638.0
035 |a (RuTPU)RU\TPU\book\150711 
090 |a 139107 
100 |a 20080603d2008 m y0rusy50 ca 
101 0 |a rus 
102 |a RU 
200 1 |a Источники и системы теплоснабжения промышленных предприятий  |e учебное пособие  |f Б. А. Ляликов  |g Томский политехнический университет (ТПУ), Институт дистанционного образования (ИДО) 
205 |a 2-е изд., стер. 
210 |a Томск  |c Изд-во ТПУ  |d 2008 
700 1 |a Ляликов  |b Б. А.  |g Борис Анатольевич 
712 0 2 |a Томский политехнический университет (ТПУ)  |b Институт дистанционного образования (ИДО)  |2 stltpush  |3 (RuTPU)RU\TPU\col\12625 
801 1 |a RU  |b 63413507  |c 20080603  |g PSBO 
801 2 |a RU  |b 63413507  |c 20151028  |g PSBO 
942 |c BK